دور النظم الخبيرة فى مشاركة المعرفة : (رقم التسجيلة. 179080)
[ عرض عادي ]
| 000 -LEADER | |
|---|---|
| fixed length control field | 04111namaa22004211i 4500 |
| 003 - CONTROL NUMBER IDENTIFIER | |
| control field | OSt |
| 005 - أخر تعامل مع التسجيلة | |
| control field | 20260329123106.0 |
| 008 - FIXED-LENGTH DATA ELEMENTS--GENERAL INFORMATION | |
| fixed length control field | 250827s2025 ua a|||frm||| 000 0 eng d |
| 040 ## - CATALOGING SOURCE | |
| Original cataloguing agency | EG-GICUC |
| Language of cataloging | ara |
| Transcribing agency | EG-GICUC |
| Modifying agency | EG-GICUC |
| Description conventions | rda |
| 041 0# - LANGUAGE CODE | |
| Language code of text/sound track or separate title | ara |
| Language code of summary or abstract | ara |
| -- | eng |
| 049 ## - Acquisition Source | |
| Acquisition Source | إيداع |
| 082 04 - DEWEY DECIMAL CLASSIFICATION NUMBER | |
| Classification number | 658.4056 |
| 092 ## - LOCALLY ASSIGNED DEWEY CALL NUMBER (OCLC) | |
| Classification number | 658.4056 |
| Edition number | 21 |
| 097 ## - Degree | |
| Degree | دكتـــــوراه |
| 099 ## - LOCAL FREE-TEXT CALL NUMBER (OCLC) | |
| Local Call Number | Cai01.18.06.Ph.D.2025.من.د |
| 100 0# - MAIN ENTRY--PERSONAL NAME | |
| Authority record control number or standard number | ،منال محمد مصطفى عبد الرحمن |
| Preparation | إعداد. |
| 245 10 - TITLE STATEMENT | |
| Title | دور النظم الخبيرة فى مشاركة المعرفة : |
| Remainder of title | دراسة ميدانية على وزارة الكهرباء والطاقة المتجددة / |
| Statement of responsibility, etc. | إعداد منال محمد مصطفى عبد الرحمن؛ إشراف أ.د سيد مشعال السيد، أ.د ممدوح عبد العزيز رفاعي. |
| 246 15 - VARYING FORM OF TITLE | |
| Title proper/short title | The role of expert systems in sharing knowledge : |
| Remainder of title | A field study on the ministry of electricity and renewable energy / |
| 264 #0 - PRODUCTION, PUBLICATION, DISTRIBUTION, MANUFACTURE, AND COPYRIGHT NOTICE | |
| Date of production, publication, distribution, manufacture, or copyright notice | 2025. |
| 300 ## - PHYSICAL DESCRIPTION | |
| Extent | 113 ورقة : |
| Other physical details | إيضاحيات ؛ |
| Dimensions | 30 سم. + |
| Accompanying material | CD. |
| 336 ## - CONTENT TYPE | |
| Content type term | text |
| Source | rda content |
| 337 ## - MEDIA TYPE | |
| Media type term | Unmediated |
| Source | rdamedia |
| 338 ## - CARRIER TYPE | |
| Carrier type term | volume |
| Source | rdacarrier |
| 502 ## - DISSERTATION NOTE | |
| Dissertation note | أطروحة (دكتوراه)-جامعة القاهرة، 2025. |
| 504 ## - BIBLIOGRAPHY, ETC. NOTE | |
| Bibliography, etc. note | ببليوجرافيا: صفحات 94-104. |
| 520 ## - SUMMARY, ETC. | |
| Summary, etc. | هدفت الدراسة إلى تحليل مدى توافر النظم الخبيرة وممارسات مشاركة المعرفة داخل وزارة الكهرباء والطاقة المتجددة، بالإضافة إلى تقييم الدور الذي تلعبه هذه النظم في تعزيز عملية تبادل المعرفة بين العاملين. اعتمد البحث على المنهج الوصفي التحليلي، حيث تم اختيار عينة عشوائية الكترونية مكونة من 370 موظفاً من مجتمع الدراسة المتمثل في العاملين بالوزارة. وبعد تحليل البيانات، بلغ عدد الاستجابات الصالحة 368 استجابة.<br/>كشفت نتائج الدراسة عن وجود مستوى مرتفع من توظيف النظم الخبيرة في الوزارة، كما أظهرت انتشاراً واسعاً لممارسات مشاركة المعرفة بين الموظفين. كما توصلت النتائج إلى أن هناك تأثيراً إيجابياً لأبعاد النظم الخبيرة - والمتمثلة في توافر أجهزة عالية الكفاءة، وملاءمة البرمجيات المستخدمة، وجودة هندسة المعرفة - في دعم وتعزيز عملية تبادل المعرفة داخل وزارة الكهرباء والطاقة المتجددة. |
| 520 ## - SUMMARY, ETC. | |
| Summary, etc. | The study aimed to analyze the availability of expert systems and knowledge-sharing practices within the Ministry of Electricity and Renewable Energy, in addition to evaluating the role these systems play in enhancing knowledge exchange among employees. The research adopted a descriptive-analytical approach, selecting a Electronic random sample of 370 employees from the study population consisting of ministry staff. Following data analysis, the number of valid responses reached 368. |
| 530 ## - ADDITIONAL PHYSICAL FORM AVAILABLE NOTE | |
| Issues CD | صدر أيضًا كقرص مدمج. |
| 546 ## - LANGUAGE NOTE | |
| Text Language | النص بالعربية والملخص باللغة الإنجليزية والعربية. |
| 650 #7 - SUBJECT ADDED ENTRY--TOPICAL TERM | |
| Topical term or geographic name entry element | إدارة الازمات |
| Source of heading or term | qrmak |
| 653 #0 - INDEX TERM--UNCONTROLLED | |
| Uncontrolled term | الانظمة خبيرة |
| -- | توافر أجهزة ذات كفاءة عالية |
| -- | ملائمة البرمجيات |
| 700 0# - ADDED ENTRY--PERSONAL NAME | |
| Personal name | سيد مشعال السيد |
| Relator term | مشرف أطروحة. |
| 700 0# - ADDED ENTRY--PERSONAL NAME | |
| Personal name | ممدوح عبد العزيز رفاعي |
| Relator term | مشرف أطروحة. |
| 900 ## - Thesis Information | |
| Grant date | 19-02-2025 |
| Supervisory body | سيد مشعال السيد |
| -- | ممدوح عبد العزيز رفاعي |
| Discussion body | أحمد أمين الشيخ |
| -- | محمد خليفة |
| Universities | جامعة القاهرة |
| Faculties | كلية الدراسات العليا للبحوث الاحصائية |
| Department | قسم إدارة الازمات |
| 905 ## - Cataloger and Reviser Names | |
| Cataloger Name | Sara Salah |
| 942 ## - ADDED ENTRY ELEMENTS (KOHA) | |
| Source of classification or shelving scheme | Dewey Decimal Classification |
| Koha item type | Thesis |
| Edition | 21 |
| Suppress in OPAC | No |
| Source of classification or shelving scheme | Home library | Current library | Date acquired | Inventory number | Full call number | Barcode | Date last seen | Effective from | Koha item type |
|---|---|---|---|---|---|---|---|---|---|
| Dewey Decimal Classification | المكتبة المركزبة الجديدة - جامعة القاهرة | قاعة الرسائل الجامعية - الدور الاول | 29.03.2026 | 33059 | Cai01.18.06.Ph.D.2025.من.د | 01010100033059000 | 29.03.2026 | 29.03.2026 | Thesis |